Statistics for Modern day tank by picture

Click here to take the quiz!

General Stats

  • This quiz has been taken 173 times
  • The average score is 6 of 12

Answer Stats

Answer% Correct
M1 Abrams
93%
Leopard 2
83%
Challenger 2
66%
T-14 Armata
62%
T-90
55%
Merkava
48%
Leclerc
41%
C1 Ariete
30%
K-2 Black Panther
29%
Type 99
25%
Type 10
23%
Arjun
17%

Score Distribution

Percentile by Number Answered

Percent of People with Each Score

Your Score History

You have not taken this quiz